[Event "TUR-chT 2nd League"]
[Site "Konya"]
[Date "2022.08.26"]
[Round "7.15"]
[White "Koc, Serkan"]
[Black "Yilmaz, Enes Mustafa"]
[Result "0-1"]
[WhiteElo "1567"]
[BlackElo "1562"]
[PlyCount "88"]
[EventDate "2022.08.22"]
[EventType "team-swiss"]
[EventRounds "9"]
[EventCountry "TUR"]
[SourceTitle "CBM 210 Extra"]
[Source "ChessBase"]
[SourceDate "2022.11.30"]
[SourceVersion "1"]
[SourceVersionDate "2022.11.30"]
[SourceQuality "1"]
[WhiteTeam "Samsun Gercek"]
[BlackTeam "Altin Hamle Corum"]
[WhiteTeamCountry "TUR"]
[BlackTeamCountry "TUR"]

1. e4 d5 2. exd5 Nf6 3. d4 Nxd5 4. c4 Nb6 5. Nf3 Bg4 6. Nbd2 Nc6 7. d5 Ne5 8. b3 e6 9. dxe6 Nxf3+ 10. Nxf3 Qxd1+ 11. Kxd1 0-0-0+ 12. Ke2 f6 13. h3 Bxe6 14. Be3 Ba3 15. Nd4 Bf7 16. Kf3 a6 17. Bd3 Bb2 18. Bf5+ Kb8 19. Rad1 g6 20. Be6 Bxe6 21. Nxe6 Rde8 22. Nc5 Ba3 23. Nd7+ Nxd7 24. Rxd7 Kc8 25. Rhd1 Rd8 26. Rxd8+ Rxd8 27. Rxd8+ Kxd8 28. Ke4 Ke7 29. c5 c6 30. Bd4 Ke6 31. g4 h6 32. f4 f5+ 33. gxf5+ gxf5+ 34. Kf3 Kd5 35. Bg7 h5 36. Kg3 Ke4 37. Bf8 Bb4 38. Kh4 Kxf4 39. Kxh5 Ke4 40. h4 f4 41. Kg4 f3 42. Kh3 Ke3 43. h5 f2 44. Kg2 Ke2 0-1